000 00603nam a2200241Ia 4500
003 OSt
005 20221005052758.0
006 a|||||r|||| 00| 0
007 ta
008 221004b |||||||| |||| 00| 0 eng d
024 _a16671
037 _cTextual
040 _aCRL
_cCRL
_beng
041 _2eng
_aeng
082 _awn1,N36, N4 (RR)
245 0 _aInternational who's who 1994-95
250 _a58th
260 _aLondon
_bEuropa
_c1994
300 _axx, 1730p.
_ccm.
650 _aBIOGRAPHY
942 _hwn1,N36, N4 (RR)
_cTEXL
_2cc
999 _c960936
_d960936